Normal view MARC view

Entry Personal Name

Number of records used in: 1

001 - CONTROL NUMBER

  • control field: 1186595

003 - CONTROL NUMBER IDENTIFIER

  • control field: OSt

005 - DATE AND TIME OF LATEST TRANSACTION

  • control field: 20260324131727.0

008 - FIXED-LENGTH DATA ELEMENTS

  • fixed length control field: 260324|| aca||aabn | a|a d

040 ## - CATALOGING SOURCE

  • Original cataloging agency: OSt
  • Transcribing agency: OSt

100 ## - HEADING--PERSONAL NAME

  • Personal name: J Dianne Garner; D. Merilee Clunis; Pat A. Freeman; Karen I. Fredriksen-Goldsen; Nancy M. Nystrom

670 ## - SOURCE DATA FOUND

  • Source citation: Work cat.: (OSt)1784040: J Dianne Garner; D. Merilee Clunis; Pat A. Freeman; Karen I. Fredriksen-Goldsen; Nancy M. Nystrom, Lives of Lesbian Elders
Copyright @ Delhi University Library System